Statistics for Jann - LOOKATME Lyrics

Click here to take the quiz!

General Stats

  • This quiz has been taken 25 times
    (18 since last reset)
  • The average score is 321 of 389

Answer Stats

Answer% Correct
a
100%
at
100%
boy
100%
him
100%
look
100%
me
100%
me,
100%
pretty
100%
already
92%
and
92%
be
92%
better
92%
bite
92%
but
92%
could
92%
cute
92%
Dior
92%
eyes
92%
for
92%
girl,
92%
gon'
92%
Gucci,
92%
he
92%
heavy
92%
humble
92%
I
92%
is
92%
just
92%
keep
92%
learn
92%
life
92%
like
92%
might
92%
my,
92%
my
92%
never
92%
nice
92%
not
92%
nothing
92%
Oh
92%
oh
92%
polite
92%
Prada
92%
prepare
92%
see
92%
seen
92%
so
92%
this
92%
this,
92%
those
92%
to
92%
wanna
92%
knew
85%
know
85%
late
85%
lived
85%
meet
85%
mind
85%
mine
85%
money
85%
on
85%
party
85%
the
85%
validation
85%
was
85%
don't
77%
dont
77%
down
77%
expectations
77%
I'm
77%
it
77%
mean
77%
met
77%
mind's
77%
money's
77%
pushed
77%
real
77%
really
77%
rock
77%
sorry
77%
such
77%
temptation
77%
that
77%
that's
77%
want
77%
Westwood
77%
Westwood,
77%
what
77%
ya
77%
you
77%
your
77%
all
69%
asked
69%
both
69%
boys
69%
'cause
69%
choice
69%
come
69%
everybody
69%
feet
69%
food
69%
full
69%
girls
69%
ground
69%
here
69%
his
69%
in
69%
keeps
69%
make
69%
man
69%
mouth
69%
must
69%
nobody
69%
now
69%
picked
69%
plate
69%
please
69%
pleasure's
69%
promising
69%
proud
69%
scene
69%
serve
69%
shut
69%
some
69%
sure
69%
were
69%
would
69%
young
69%
you've
69%
canteen
62%
changed
62%
if
62%
indulge
62%
I've
62%
obscene
62%
tell
62%
up
62%
Vivienne
62%
cuisine
54%
gather
54%
soul
54%

Score Distribution

Percentile by Number Answered

Percent of People with Each Score

Your Score History

You have not taken this quiz since the last reset